[Event "Anderssen Memorial Open-A 2020"]
[Site "Wroclaw"]
[Date "2020.08.03"]
[Round "4.7"]
[White "Gardian, Adam"]
[Black "Jankowiak, Tomasz"]
[Result "0-1"]
[WhiteElo "1723"]
[BlackElo "2115"]
[Annotator "TA"]
[PlyCount "82"]
[EventDate "2020.08.01"]
[EventType "swiss"]
[EventCountry "POL"]
[SourceTitle "playchess.com"]
[Source "ChessBase"]
[SourceQuality "1"]

{[%evp 16,82,18,0,0,0,0,1,0,0,0,-21,-17,-19,4,-20,86,86,88,36,83,87,72,79,78,67,70,71,96,122,117,109,114,31,31,27,38,0,42,40,82,20,79,71,82,59,74,70,91,74,38,59,0,0,0,-456,-443,-373,0,-408,-408,-408,-408,-2296,-1948,-29979,-29979,-29983,-29984]} 1. d4 d5 2. c4 c6 3. Nc3 Nf6 4. cxd5 cxd5 5. Bf4 Nc6 6. e3 Bf5 7. Qb3 Na5 8. Bb5+ Bd7 9. Qa4 e6 {D10: Slav Defence: 3 cxd5 (without early Nf3) and 3 Nc3.} 10. Nf3 a6 11. Bxd7+ Nxd7 {The position is equal.} 12. O-O Be7 13. Ne5 b5 14. Qd1 O-O {[#]} 15. Qg4 $146 {next Nxd5 is good for White.} ({Predecessor:} 15. b3 Rc8 16. Qd3 Nxe5 17. Bxe5 Ba3 18. Rad1 Nc6 19. Bg3 Qa5 20. Ne2 Be7 21. Qb1 {0-1 (73) Yordanov,L (2307)-Smirnov,T (2408) chess.com INT 2020}) 15... Rc8 (15... f5 $11 16. Qg3 Rc8) 16. Nxd5 $1 $16 exd5 17. Bh6 (17. Qxd7 $16 Qxd7 18. Nxd7) 17... g6 {aiming for ...Nxe5.} 18. Qxd7 Qxd7 19. Nxd7 Rfd8 20. Ne5 Rc2 21. Nd3 g5 22. f4 Nc4 23. fxg5 (23. Bxg5 $6 f6 $14) 23... Nxe3 {[#]} 24. Rf2 (24. Rf3 $1 $16 {[%cal Rf3e3]} Ng4 25. Re1) 24... Rxf2 25. Nxf2 Nf5 26. Rd1 Rc8 27. Ng4 Nxd4 28. Nf6+ (28. Rxd4 $2 Bc5 $19) ({White should play} 28. Ne3 $16 Bc5 29. Nxd5) 28... Kh8 (28... Bxf6 $1 $11 {keeps the balance.} 29. gxf6 Nf5) 29. Nxd5 ({Wrong is} 29. Rxd4 $2 Bc5 $19) 29... Rd8 30. Nxe7 Ne2+ {[%mdl 64] Discovered Attack} 31. Kf2 {[%cal Rd1d8]} Rxd1 32. Kxe2 Rb1 33. Kf3 Rxb2 34. Nf5 Rxa2 35. h4 $2 {[%mdl 8192] [#]} (35. Bf8 $1 $11) 35... b4 $1 $19 {[%cal Bb5b4,Bb4b3,Bb3b2][%mdl 32]} 36. h5 {Hoping for Bg7+.} Ra5 $2 (36... b3 $19 37. Bg7+ Kg8) 37. Nd4 $2 {[%mdl 8192] [#]} (37. Kf4 $11 Ra2 38. Bg7+ Kg8 39. h6) 37... b3 $1 {[%mdl 512]} 38. g6 ({But not} 38. Nxb3 Ra3 $19) 38... fxg6 {And now ...b2 would win.} 39. hxg6 (39. Bc1 $142 Ra1 40. Nxb3) 39... b2 40. Nc6 Rf5+ 41. Kg4 hxg6 {Accuracy: White = 62%, Black = 71%.} ({Not} 41... b1=Q $2 42. g7+ Kg8 43. Ne7+ {[%mdl 64] Double Attack} Kf7 44. g8=Q+ {[%mdl 64] Double Attack} Kxe7 45. Qxh7+ {[%mdl 64] Double Attack} Ke8 46. Qxf5 $18) 0-1

[Event "Anderssen Memorial Open-A 2020"]
[Site "Wroclaw"]
[Date "2020.08.03"]
[Round "4.8"]
[White "Kowalczyk, Wojciech"]
[Black "Wong, Gengchun"]
[Result "1/2-1/2"]
[WhiteElo "1873"]
[BlackElo "2190"]
[Annotator "TA"]
[PlyCount "70"]
[EventDate "2020.08.01"]
[EventType "swiss"]
[EventCountry "POL"]
[SourceTitle "playchess.com"]
[Source "ChessBase"]
[SourceQuality "1"]

{[%evp 10,70,7,13,24,17,15,37,56,0,16,10,16,9,9,9,9,9,9,9,9,14,16,14,27,0,6,0,0,-68,-47,-58,-45,-87,-9,-13,-9,-9,-14,-10,-8,-13,-12,-35,-16,-17,0,0,0,0,0,0,0,0,0,0,0,0,0,0,0,0,0]} 1. e4 c5 2. Nc3 Nc6 3. Bb5 Nd4 4. Nf3 Nxb5 5. Nxb5 d6 6. d4 cxd4 {B23: Closed Sicilian: Lines without g3.} 7. Qxd4 {[#] Threatens to win with Qc3.} a6 8. Nc3 Bg4 {White is slightly better.} 9. Nd2 (9. Qb4 $14) 9... Nf6 {[#]} 10. Nc4 $146 ({Predecessor:} 10. a4 g6 11. O-O Bg7 12. Nc4 O-O 13. Be3 Rc8 14. Qd3 Nd7 15. f3 Be6 16. Na3 {½-½ (70) Noriega,M-Landa Medrano,G (2040) Lima 2015}) 10... b5 11. Nb6 e5 12. Qe3 Rb8 $132 {[%mdl 2048] Black has counterplay} 13. Nbd5 Nxd5 14. Nxd5 Be6 15. Qd3 Qc8 16. Bd2 Qc4 17. Qxc4 (17. a4 $5) 17... bxc4 18. Nc7+ Kd7 19. Nxa6 ({Better is} 19. Nxe6 $11 Kxe6 20. Bc3) 19... Rxb2 $15 {Hoping for ...d5.} 20. Nb4 d5 $1 21. exd5 Bxb4 ({Black should try} 21... Bf5 $17 22. a3 Bxb4 23. Bxb4 Bxc2) 22. dxe6+ $11 Kxe6 {[#] aiming for ...c3.} 23. Bxb4 Rxb4 $15 {[%mdl 4096] Endgame KRR-KRR} 24. Kd2 Ra8 25. Kc3 Rba4 26. a3 R8a7 27. Rhb1 {The position is equal.} e4 28. Rb4 Rxa3+ 29. Rxa3 Rxa3+ 30. Kxc4 $11 {KR-KR} e3 31. fxe3 Rxe3 32. Rb6+ Kf5 33. Rb5+ Kf6 34. Rb6+ Kf5 {White should prevent ...Re2.} 35. Rb5+ Kf6 {Accuracy: White = 87%, Black = 93%.} 1/2-1/2

[Event "Anderssen Memorial Open-A 2020"]
[Site "Wroclaw"]
[Date "2020.08.03"]
[Round "4.9"]
[White "Burian, Simon"]
[Black "Krzywda, Andrzej"]
[Result "1-0"]
[WhiteElo "2073"]
[BlackElo "2156"]
[Annotator "TA"]
[PlyCount "105"]
[EventDate "2020.08.01"]
[EventType "swiss"]
[EventCountry "POL"]
[SourceTitle "playchess.com"]
[Source "ChessBase"]
[SourceQuality "1"]

{[%evp 14,104,17,10,32,11,35,27,37,23,39,29,44,27,39,3,1,-22,0,-16,0,-45,-26,-42,-28,-57,-23,-19,18,20,37,-7,37,31,44,0,0,0,0,0,0,-103,47,51,154,155,171,159,224,216,216,225,312,295,357,358,516,538,570,515,650,564,558,560,537,514,499,496,489,505,657,650,839,573,838,834,774,731,1204,1166,1059,641,623,465,427,327,5518,1362,29989,29990,29998,29999,29999]} 1. e4 c6 2. d4 d5 3. Nd2 dxe4 4. Nxe4 Nf6 5. Nxf6+ exf6 6. c3 Bd6 7. Bd3 O-O 8. Qc2 Re8+ {B15: Caro-Kann: 3 Nc3: 3...g6 and 3...dxe4 4 Nxe4 Nf6 5 Nxf6+ exf6.} 9. Ne2 h5 (9... f5 $5) 10. O-O h4 {White has an edge.} 11. h3 Nd7 {[%cal Bb8d7,Bd7f8,Bf8h7,Bh7f6,Bf6h5][%mdl 32]} 12. Bd2 Nf8 13. Rae1 Bc7 {[#]} 14. f4 $146 ({Predecessor:} 14. b3 g6 15. Kh1 Qd6 16. Bf4 Rxe2 17. Bxd6 Rxc2 18. Bxc7 Rd2 19. Re8 Kg7 20. Bd6 {1-0 (28) Sjugirov,S (2663)-Bai,J (2579) Qinhuangdao 2018}) 14... g6 15. Kh1 f5 16. Ng1 Be6 17. Bc1 Nh7 ({Don't go for} 17... Bxa2 $2 18. Rxe8 Qxe8 19. b3 $18) 18. Nf3 Nf6 19. Nxh4 Nh5 ({But not} 19... Bxa2 $6 20. b3 $16) (19... Ne4 $5 20. Nf3 Ng3+ {[%mdl 64] Double Attack} 21. Kh2 Nxf1+ 22. Rxf1 Qd6 $17) 20. Qf2 Qd6 21. b3 Rad8 22. g3 b5 (22... c5 $5) 23. Kh2 b4 24. c4 (24. cxb4 {is more complex.} Qxb4 25. Nf3 Bb6 26. Bb2 Nf6 27. Rc1) 24... Qxd4 25. Qxd4 Rxd4 26. Be2 Re4 {And now ...Bxc4! would win.} 27. Bf3 {[#]} (27. Ng2 $11 {keeps the balance.}) 27... Rxe1 (27... Bxc4 $1 $17 {[%mdl 512]} 28. Rxe4 (28. bxc4 Rxe1) 28... fxe4) 28. Rxe1 $14 Nf6 {Black is on the road to losing.} (28... c5 $14) 29. Bxc6 $16 Rd8 {[#]} 30. Nxg6 $1 {[%mdl 576] Deflection} fxg6 (30... a5 $16 31. Ne5 Bb6) 31. Rxe6 $18 Kf7 32. Re2 Rd3 33. Be3 Nh5 34. Bd5+ Kf6 (34... Kg7 $142 35. Bxa7 Bd6) 35. Bxa7 Bd8 36. Bf2 g5 37. fxg5+ Kxg5 38. Re6 {White wants to mate with h4+.} f4 {[%cal Rf4g3]} 39. Re5+ Kh6 {[%cal Rf4g3]} 40. gxf4 Rd2 41. Kg1 Bf6 42. Rf5 Be7 43. Bf3 Ng7 44. Rf7 Bd8 45. Be3 Rd6 46. f5+ Kh7 47. c5 Rd3 48. f6 {[%mdl 64] Pin} Rxe3 49. fxg7 {Hoping for c6.} Bh4 $2 (49... Re7) 50. Rf4 Be7 51. Rg4 {White mates.} Bxc5 52. g8=Q+ Kh6 53. Rg6# {Accuracy: White = 70%, Black = 57%.} 1-0

[Event "Anderssen Memorial Open-A 2020"]
[Site "Wroclaw"]
[Date "2020.08.03"]
[Round "4.10"]
[White "Kanicki, Krzysztof"]
[Black "Trybus, Daniel"]
[Result "1/2-1/2"]
[WhiteElo "2163"]
[BlackElo "1950"]
[Annotator "TA"]
[PlyCount "90"]
[EventDate "2020.08.01"]
[EventType "swiss"]
[EventCountry "POL"]
[SourceTitle "playchess.com"]
[Source "ChessBase"]
[SourceQuality "1"]

{[%evp 12,90,23,3,33,25,38,34,26,0,0,0,0,0,0,0,0,0,0,-8,0,-10,0,0,0,0,0,0,0,0,0,0,0,0,0,0,0,0,0,0,0,0,0,0,75,104,148,137,227,245,262,263,277,272,275,250,453,370,321,353,348,250,248,228,241,252,234,120,318,272,286,0,195,0,137,0,0,0,129,0,0]} 1. e4 c5 2. Nf3 d6 3. d4 cxd4 4. Nxd4 Nf6 5. Nc3 a6 6. Be3 e6 7. f3 h5 {B80: Sicilian Scheveningen: 6 g3 and 6 Be3, including English Attack.} 8. Qd2 Be7 9. O-O-O b5 {White is slightly better.} 10. Bd3 b4 11. Nce2 e5 12. Nf5 ({Don't play} 12. Qxb4 exd4 13. Nxd4 O-O $15) 12... Bxf5 $1 13. exf5 d5 14. Kb1 Nbd7 15. h3 h4 {[#]} 16. Bg5 $146 ({Predecessor:} 16. Nc1 Kf8 17. Rhe1 Qc7 18. Qe2 Rh5 19. Bf2 Qb7 20. Rf1 a5 21. Qe1 Rc8 22. Bxh4 {0-1 (85) Wuerschner,M (2431)-Mikhalchuk,V (2464) ICCF email 2017}) 16... Qb6 17. c4 bxc3 18. Nxc3 Bb4 19. Na4 Qa5 $1 20. Qc2 O-O 21. a3 Bxa3 22. bxa3 Rab8+ 23. Ka1 {Bd2 is the strong threat.} Nb6 24. Nxb6 Qxa3+ 25. Qa2 Qc3+ 26. Qb2 Qa5+ {[%mdl 64] Double Attack} 27. Qa2 Qxb6 (27... Qc3+ $11 28. Qb2 Qa5+ {[%mdl 64] Double Attack} 29. Qa2 Qc3+) 28. Bb1 $1 $16 ({Wrong is} 28. Bxa6 $2 Ra8 $1 $19 {[%mdl 512]}) 28... Rfc8 29. Qd2 ({Don't go for} 29. Bxh4 $2 Rc1 $1 $19 {[%mdl 512]}) 29... Rc4 (29... d4 $16 {was necessary.}) 30. Ba2 $18 Rd4 31. Qc3 $1 Rb4 32. Rb1 a5 33. Qxe5 d4 $2 (33... Re8 34. Rxb4 axb4) 34. Bxf6 gxf6 35. Qe7 Rb7 36. Qe8+ Kg7 37. Qe4 d3 38. Qxd3 Qc5 {( -> ...Qe5+)} 39. Rxb4 (39. Rbc1 $1 $18 {[%cal Rc1c5]} Qe5+ 40. Qc3) 39... axb4 $2 (39... Rxb4 $16 {was worth a try.} 40. Re1 Qf2) 40. Qb3 Qe5+ 41. Qb2 $2 ({Only move:} 41. Kb1 $1 $18) 41... Qxf5 $2 (41... Qa5 $1 $11 {and Black stays safe.}) 42. Rb1 $2 ({Better is} 42. Qb3 $18) 42... Qa5 {[#]} (42... Qd3 $1 $11 {remains equal.}) 43. Qb3 (43. Qc2 $1 $16) 43... Qe5+ $1 $11 44. Qb2 (44. Rb2 $11 Qe1+ 45. Bb1) 44... Qa5 $16 {[#] aiming for ...b3.} 45. Qb3 ({White must play} 45. Qc2 $1 $16) 45... Qe5+ $1 {Accuracy: White = 71%, Black = 77%.} 1/2-1/2

[Event "Anderssen Memorial Open-A 2020"]
[Site "Wroclaw"]
[Date "2020.08.03"]
[Round "4.11"]
[White "Bojczewski, Mateusz"]
[Black "Malecki, Rafal"]
[Result "1/2-1/2"]
[WhiteElo "1886"]
[BlackElo "2071"]
[Annotator "TA"]
[PlyCount "86"]
[EventDate "2020.08.01"]
[EventType "swiss"]
[EventCountry "POL"]
[SourceTitle "playchess.com"]
[Source "ChessBase"]
[SourceQuality "1"]

{[%evp 9,86,50,50,50,45,41,64,67,63,63,71,69,85,79,63,73,77,58,104,56,95,135,133,71,115,122,139,128,98,0,0,0,20,0,0,0,0,0,95,92,96,29,250,157,304,309,300,219,245,255,252,248,238,236,231,189,183,180,179,178,173,170,287,122,127,140,227,216,220,139,130,0,0,0,0,0,0,0,0]} 1. e4 d6 2. d4 g6 3. f4 Bg7 4. Nf3 Nc6 5. Bc4 e6 {[#]} 6. e5 $146 {B06: Modern Defence.} ({Predecessor:} 6. O-O Nge7 7. c3 O-O 8. Nbd2 Na5 9. Bd3 c5 10. dxc5 dxc5 11. Nc4 b5 12. Nxa5 Qxa5 13. Qe2 c4 14. Bc2 Ba6 15. a3 b4 16. cxb4 c3 17. Bd3 cxb2 18. Bxb2 Qb6+ {0-1 (18) Zsigmond,K (2060)-Hovorka,T (2081) Hungary 2014}) 6... Nge7 7. c3 a6 8. Nbd2 {[%cal Bb1d2,Bd2b3,Bb3c5][%mdl 32] White is slightly better.} b5 9. Bd3 dxe5 10. fxe5 Bxe5 11. Nxe5 Nxe5 12. Be4 N5c6 13. Nb3 {[%mdl 1024] White has strong compensation.} f5 14. Bf3 $1 Nd5 15. O-O Qd6 16. Re1 ({White should play} 16. Bh6) 16... Kf7 17. Nc5 Re8 18. Bh6 e5 19. Qb3 ({White should try} 19. g4 $1 $16) 19... e4 $11 20. Bxe4 fxe4 21. Nxe4 {[#]} Rxe4 $1 22. Rxe4 Bf5 $1 {[%cal Rf5e4]} 23. Rf1 {Strongly threatening g4.} Na5 {[#]} (23... Re8 $11 24. Bf4 Na5 25. Bxd6 Nxb3 26. Rxe8 Kxe8) 24. Qd1 $1 $16 {g4 is the strong threat.} Nf6 25. Ref4 ({Better is} 25. Re5 $16) 25... Kg8 $2 (25... Nc4 $1 $11 {and Black has nothing to worry.}) 26. Qf3 ({Resist} 26. g4 $6 Nxg4 27. Rxg4 Bxg4) 26... Qd5 (26... Nd5 $16) 27. Qg3 $18 {Intending Rxf5 and mate.} Qd6 28. Rxf5 Qxg3 29. Rxf6 {Rf8+ would kill now.} Qd6 30. Rxd6 cxd6 {[%mdl 4096] Endgame KRB-KRN} 31. Rf6 Rd8 32. Kf2 Nc4 33. b3 Nb6 {[#]} 34. Ke2 $1 Nd5 35. Rf3 b4 (35... Rc8 $142) 36. cxb4 (36. c4 $18 Nc3+ 37. Kd3) 36... Nxb4 $16 37. a4 Nc6 (37... Nc2 $16) 38. Kd3 $18 d5 39. Bd2 {aiming for Rf6.} Rb8 40. b4 (40. Kc3 $16) 40... Nxb4+ $11 {The position is equal.} 41. Kc3 Na2+ 42. Kc2 {Hoping for Rb3.} Nb4+ 43. Kc3 Na2+ {Accuracy: White = 63%, Black = 65%.} 1/2-1/2

[Event "Anderssen Memorial Open-A 2020"]
[Site "Wroclaw"]
[Date "2020.08.03"]
[Round "4.12"]
[White "Vanduyfhuys, Daria"]
[Black "Krawiec, Grzegorz"]
[Result "1/2-1/2"]
[WhiteElo "1985"]
[BlackElo "1812"]
[Annotator "TA"]
[PlyCount "82"]
[EventDate "2020.08.01"]
[EventType "swiss"]
[EventCountry "POL"]
[SourceTitle "playchess.com"]
[Source "ChessBase"]
[SourceQuality "1"]

{[%evp 15,82,4,24,20,49,38,54,30,45,30,38,26,30,38,45,32,45,39,41,11,13,-8,-2,-8,-4,-20,-3,0,10,10,10,8,11,0,0,0,0,0,0,-7,0,0,0,0,0,0,0,0,0,0,0,0,0,0,0,0,0,-15,0,0,0,0,0,0,0,0,0,0,0]} 1. d4 Nf6 2. c4 e6 3. Nf3 Bb4+ 4. Bd2 a5 5. Nc3 O-O 6. g3 b6 7. Bg2 Bb7 8. O-O d5 9. cxd5 {E16: Queen's Indian: 4 g3 Bb7 5 Bg2 Bb4+.} Nxd5 10. Qc2 {[#]} Nf6 $146 ({Predecessor:} 10... Na6 11. Rfd1 Be7 12. a3 Qc8 13. e4 Nxc3 14. Bxc3 f5 15. Ne5 Bf6 16. exf5 Bxg2 17. Kxg2 Bxe5 18. dxe5 Rxf5 {½-½ (25) Horn,H-Esswein,K Mannheim 1994}) 11. Rac1 {White is slightly better.} c5 12. dxc5 Bxc5 13. Rfd1 Qe7 14. Na4 {[%cal Ra4c5]} Na6 15. Nxc5 Nxc5 16. Be3 {[%cal Re3c5]} Rac8 17. Bxc5 Rxc5 {The position is equal.} 18. Qb3 Rfc8 19. Rxc5 Qxc5 20. Nd4 Bxg2 21. Kxg2 Qd5+ 22. Qxd5 Nxd5 $11 {[%mdl 4096] Endgame KRN-KRN} 23. e4 Nf6 24. Kf3 Kf8 25. Rd2 Ke7 26. h3 Nd7 27. Ke2 Rc5 28. f4 f6 29. Ke3 g6 30. Rc2 e5 31. Nc6+ Kd6 32. Rxc5 Nxc5 {KN-KN} 33. Na7 $1 Na4 34. b3 Nc3 35. a3 $1 Kc5 36. Kd3 Nb5 (36... Nd1 {looks sharper.} 37. h4 b5 38. Nc8 Nf2+ 39. Ke3 Ng4+) 37. Nxb5 Kxb5 38. fxe5 fxe5 39. Kc3 a4 40. b4 Kc6 41. Kd3 g5 {Accuracy: White = 96%, Black = 95%.} 1/2-1/2

[Event "Anderssen Memorial Open-A 2020"]
[Site "Wroclaw"]
[Date "2020.08.03"]
[Round "4.13"]
[White "Jankowiak, Piotr"]
[Black "Peglau, Dora"]
[Result "1-0"]
[WhiteElo "2009"]
[BlackElo "1704"]
[Annotator "TA"]
[PlyCount "65"]
[EventDate "2020.08.01"]
[EventType "swiss"]
[EventCountry "POL"]
[SourceTitle "playchess.com"]
[Source "ChessBase"]
[SourceQuality "1"]

{[%evp 9,65,0,13,13,20,0,9,-6,-8,-66,-61,-53,-66,-45,-60,-56,-65,-53,-57,-121,47,-85,-36,-152,32,-125,0,0,0,0,0,0,1170,1142,1078,1173,1459,1411,29981,29982,29987,29988,29988,29989,29989,29990,29990,29991,29991,29987,29987,29988,29988,29970,5300,604,29995,29996]} 1. d4 Nf6 2. Bf4 d5 3. e3 Bf5 4. h3 e6 5. Bd3 Bg6 6. Nf3 {D00: 1 d4 d5: Unusual lines.} Bd6 7. Ne5 O-O 8. Nxg6 {The position is equal.} (8. O-O {with more complications.} Bxd3 9. cxd3 Nc6 10. Nc3 Ne7 11. Qb3) 8... hxg6 {[#]} 9. Nd2 $146 (9. Bg5 $11) ({Predecessor:} 9. Bxd6 Qxd6 10. c3 e5 11. dxe5 Qxe5 12. Nd2 Nbd7 13. O-O c5 14. Nf3 Qc7 15. Qc2 {0-1 (71) Jevtic,M (2005)-Graovac,V (2175) Belgrade 2017}) 9... Bxf4 $15 10. exf4 Qd6 11. Qf3 Qb4 12. O-O-O Qxd4 13. c3 Qa4 14. h4 (14. Kb1 $15) 14... Qxa2 $2 {[#]} (14... Nbd7 $17 15. Kb1 Rfd8) 15. g4 (15. h5 $1 $14 {[%mdl 512] stays ahead.} gxh5 (15... Nxh5 16. Rxh5) 16. Rxh5) 15... Nbd7 {Threatens to win with ...Nc5.} 16. h5 {[#]} (16. Bb1 $1 $15 Qa1 17. Nb3) 16... g5 $2 (16... Nc5 $1 $17 {[%cal Rc5a4] aiming for ...Na4.} 17. Bc2 Qa1+ 18. Nb1 Na4 19. Bxa4 Qxa4) 17. Rde1 $2 (17. Bb1 $14 Qa4 18. fxg5) 17... gxf4 ({Better is} 17... Nc5 $17 {And now ...Na4 would win.} 18. Bc2 {[#]} Nfe4 $1 {[%mdl 512]}) 18. g5 $11 {[#]} Ne4 $1 19. Nxe4 {Nf6+! is the strong threat.} dxe4 20. Qxe4 {[%csl Gd3][%cal Re4h7]} f5 $2 {[%mdl 8192]} (20... Rfd8 $11 21. Qh7+ Kf8) 21. gxf6 $1 $18 Nxf6 22. Qg6 Rad8 23. h6 {[%csl Gh6][%cal Rg6g7]} Rd7 24. Reg1 ({Less strong is} 24. hxg7 Rxg7 25. Qh6 Kf7 $16) 24... Ne8 25. Qh7+ Kf7 26. hxg7 Qa1+ 27. Kc2 Qa4+ 28. Kb1 Nxg7 29. Qxg7+ Ke8 30. Bg6+ Rdf7 31. Bxf7+ Rxf7 32. Qd4 Qc6 33. Rh8+ {Accuracy: White = 57%, Black = 46%.} 1-0

[Event "Anderssen Memorial Open-A 2020"]
[Site "Wroclaw"]
[Date "2020.08.03"]
[Round "4.14"]
[White "Roessler, Frank-Peter"]
[Black "Borowski, Przemyslaw"]
[Result "0-1"]
[WhiteElo "1902"]
[BlackElo "1790"]
[Annotator "TA"]
[PlyCount "56"]
[EventDate "2020.08.01"]
[EventType "swiss"]
[EventCountry "POL"]
[SourceTitle "playchess.com"]
[Source "ChessBase"]
[SourceQuality "1"]

{[%evp 10,55,4,2,17,0,2,-15,-26,-49,-3,-77,-38,-85,-16,-119,-122,-118,-100,-135,-126,-144,-79,-142,-160,-202,-145,-188,-127,-199,-120,-148,-117,-321,126,-200,-199,-1364,-1304,-1477,-1464,-29989,-29990,-29997,-29998,-29998,-29999,-29999]} 1. f4 d5 2. Nf3 c5 3. g3 g6 4. Bg2 Bg7 5. d3 Nc6 6. O-O Qb6 {A03: Bird's Opening with 1...d5.} 7. c3 Nf6 8. h3 O-O {The position is equal.} 9. Kh2 {[#]} d4 $146 ({Predecessor:} 9... Rd8 10. Qc2 d4 11. e4 dxe3 12. Bxe3 Bf5 13. Ne1 Nd5 14. Bg1 Qc7 15. Bxc5 b6 16. Bf2 Rac8 17. Nd2 h5 18. Ne4 h4 {0-1 (18) Zagorskis,D (2003)-Callergard,R (2242) ICCF email 2008}) 10. c4 (10. e4 $11) 10... Bd7 11. Nbd2 e5 (11... Qc7 $17) 12. Ne4 (12. Nxe5 $11 {remains equal.} Nxe5 13. fxe5) 12... Nxe4 $17 13. dxe4 Rae8 $36 {[%mdl 2048] Black is on the roll.} 14. Ne1 f5 15. exf5 exf4 ({Much less strong is} 15... Rxf5 16. e4 $17) ({Don't do} 15... gxf5 16. fxe5 Nxe5 17. b3 $15) (15... Bxf5 $142 16. Bd5+ Be6) 16. Bd5+ (16. Bxf4 $142 Rxf5 17. Nd3) 16... Kh8 {And now ...fxg3+ would win.} 17. Rxf4 Bxf5 18. Nd3 Ne5 ({Black should play} 18... Qc7 $19 19. Qf1 Ne7) 19. b3 (19. Rf1 $17) 19... Qc7 (19... g5 $19 20. Rf1 Qg6 21. Bxb7 Nxd3 22. exd3 Bxd3 23. Rxf8+ Bxf8) 20. Rf2 Qc8 21. Bf4 $2 {[#]} (21. Nxe5 $17 Rxe5 22. Bg2) 21... Bxh3 $2 (21... Bxd3 $1 $19 22. exd3 {[#]} g5 $1 {[%mdl 512]}) 22. Nxe5 $4 {[%mdl 8192]} (22. Bxe5 $16 Rxf2+ 23. Nxf2 Rxe5 24. Nxh3) 22... Rxe5 $19 {[%mdl 64] Pin} 23. Qg1 $2 (23. Bf3) 23... Rh5 {[%cal Rh3f1]} 24. Qe1 Be6+ {[%mdl 64] Discovered Attack} 25. Kg2 Bxd5+ {Black mates.} 26. cxd5 Qh3+ 27. Kf3 {[#]} Rxf4+ $1 {[%mdl 512]} 28. Kxf4 Qf5# {Accuracy: White = 17%, Black = 48%.} 0-1

[Event "Anderssen Memorial Open-A 2020"]
[Site "Wroclaw"]
[Date "2020.08.03"]
[Round "4.15"]
[White "Skurniak, Szymon"]
[Black "Peglau, Markus"]
[Result "1-0"]
[WhiteElo "2036"]
[BlackElo "1910"]
[Annotator "TA"]
[PlyCount "59"]
[EventDate "2020.08.01"]
[EventType "swiss"]
[EventCountry "POL"]
[SourceTitle "playchess.com"]
[Source "ChessBase"]
[SourceQuality "1"]

{[%evp 10,59,35,35,41,19,30,30,31,26,39,39,26,20,43,12,26,0,79,62,91,84,91,75,114,74,104,105,232,219,311,202,251,244,762,750,1246,826,29994,29988,29993,890,856,880,877,864,838,822,803,802,1050,1045]} 1. e4 c6 2. Nf3 d5 3. Nc3 dxe4 4. Nxe4 Nf6 5. Qe2 Nxe4 6. Qxe4 Nd7 {B11: Caro-Kann: Two Knights Variation.} 7. Bc4 Nf6 8. Ne5 {[%csl Ge5][%cal Rc4f7] [#]} e6 {White has an edge.} 9. Qe2 Be7 10. c3 {was the old line (10.0-0).} O-O 11. d4 c5 12. dxc5 Bxc5 13. Bg5 $36 {[%mdl 2048] White has the initiative.} Be7 (13... Qc7 $11) 14. Rd1 $16 Qc7 15. O-O a6 16. Bd3 {[#]} Rd8 $146 ({Predecessor:} 16... Ra7 17. f4 b5 18. Rf3 Rd8 19. Rh3 g6 20. Re1 Qc5+ 21. Kh1 Bb7 22. Nxf7 Bxg2+ 23. Qxg2 Kxf7 24. Bxf6 Kxf6 25. Be4 Rg8 26. Rxh7 Rc7 27. Rg1 g5 28. Qh3 g4 {1-0 (27) Kovac,D (2239)-Hudolin,K (2047) Zagreb 2012}) 17. Rfe1 Bd7 18. Bxh7+ Kf8 {Loses the game.} (18... Kxh7 $16 19. Bxf6 (19. Nxf7 Rf8 $11) 19... Be8 20. Bxe7 Qxe7) 19. Bf4 $18 Bb5 (19... Qb6 $142 20. Bc2 Be8) 20. Bd3 {Threatens to win with Ng6+!} Bxd3 21. Rxd3 ({Weaker is} 21. Nxd3 Qc4 $16) 21... Qa5 $2 (21... Bd6 22. Rxd6 Rxd6) 22. Rh3 g6 23. Nxf7 Nd5 24. Nxd8 Rxd8 25. Rh8+ (25. Qxe6 $142 Qb6 26. Rh8+ Kg7 {[#]} 27. Rh7+ $3 {[%mdl 576] Deflection, Decoy} Kxh7 28. Qf7+ Kh8 29. Rxe7 Qxf2+ 30. Kxf2 Nxe7 31. Be5#) 25... Kg7 {White is clearly winning.} 26. Be5+ Nf6 27. Rxd8 Bxd8 28. Bxf6+ Bxf6 29. Qxe6 Qb5 30. Rd1 {Accuracy: White = 64%, Black = 31%.} 1-0